000 00761nam a22002537a 4500
003 CHAP
005 20220329134127.0
008 971013s r 00010 d
010 _a15801
011 _a16773
035 _a20855
040 _cCHAP
090 _aR-869
100 0 0 _aHirschhorn, Elisa.
_955577
245 _aSuplemento a las especies de cintractia de la flora argentina
500 _aSobretiro de : Rev. Argentina de Agronomía. La Plata. 7(2):128-132, 1948
590 _aBATCH-UPD
_b10
_c20130110
_lUCH01
_h0240
590 _aBATCH-UPD
_b10
_c20130110
_lUCH01
_h2230
590 _aCONVERSION
_b10
_c20130109
_lUCH01
_h1310
650 1 4 _aCintractia.
_923329
901 _aBK
942 _cREIMP
949 _aR-869
_bBC
_cR
_d-48513
_eTS1
_i20855
_si
999 _c15801
_d15801